BIG TEN College Football Teams - NO HINTS - Statistics

General Stats
  • This quiz has been taken 44 times
  • The average score is 16 of 18
Answer Stats
Team % Correct
Michigan
100%
Indiana
97%
Michigan State
97%
Ohio State
97%
Northwestern
94%
Oregon
94%
Rutgers
94%
Minnesota
91%
Nebraska
91%
USC
91%
Iowa
88%
Purdue
88%
UCLA
88%
Penn State
85%
Wisconsin
85%
Illinois
82%
Maryland
79%
Washington
79%
No matching quizzes found
Score Distribution
Percent of People with Each Score
Percentile by Number Answered
Your Score History
You have not taken this quiz